01811nam a2200361 a 450000100100000000500170001000800410002702000150006804000250008308200170010810000260012524000400015124501150019126000700030630000280037649000460040450400310045050506000048153400610108165000180114265000230116065000310118370000180121470000240123270000170125670000190127370000190129270000200131170000260133170000180135770000260137583000480140100002507720240513201349.0110201s1989 ag a r 000 | spa d a9506940797 aDO-SdBNPbspacBNPHU a303.4bB877e1 aBrown, Lester Russell10aState of the world 1989.lEspañol13aEl estado del mundo :b1989 /cLester Russell Brown ; Alan Durning ... [et al.] ; traducción Cecilia Absatz. aBuenos Aires, (Argentina) :bGrupo Editor Latinoamericano,c1989. a378 p. :bil. ;c23 cm.1 aEstudios Políticos y Socialesv212. 183 aIncluye notas : p. 323-3780 tPrefaciotReconocimientostUn mundo en peligro /rLester R. Brown, Christopher Flavin y Sandra PosteltDetener la degradación de la tierra /rSandra PosteltReexaminar la perspectiva alimentaria del mundo /rLester R. BrowntAbandonar la tierra natal /rJodi L. JacobsontProteger la capa de ozono /rCynthia Pollock SheatRespuesta al sida /rMichael RennertReforzar la seguridad mundial /rLori HeisetMovilización a nivel popular /rMichael RennertReflexión a nivel popular /rAlan B. DurningtPerfilar un plan de acción global /rLester R. Brown, Christopher Flavin y Sandra Postel aTítulo original en inglés :tState of the world 1989 0aCambio social 4aEvolución social 0aDesarrollo de la comunidad1 aDurning, Alan1 aFlavin, Christopher1 aHeise , Lori1 aJacobson, Jodi1 aPostel, Sandra1 aRenner, Michael1 aShea, Cynthia Pollock1 aStarke, Linda1 aAbsatz, Cecilia,etr. 0aEstudios Políticos y Sociales ;v212. 183